Представление документа в формате RUSMARC

ПолеНазваниеЗначение
  Тип записи a
  Библиографический уровень a
001 Контрольный номер RU/CBS_Ul/BASE/439389474
005 Дата корректировки 20240209175132.8
100 Данные общей обработки __
a Данные общей обработки 20131203d2013 ||| 0rusy0189 ca
101 Язык документа 0_
a Язык текста rus
102 Страна публикации __
a Страна публикации RU
105 Кодированные данные (монография) __
a Кодированные данные (монография) y###||||000|y
200 Заглавие и сведения об ответственности 1_
a Заглавие Эфирная лиса Карадага
b Общее обозначение материала Текст
e Сведения, относящиеся к заглавию [Карадагский заповедник в Крыму]
f Первые сведения об ответственности Н. Яхонтова
300 Общие примечания __
a Общие примечания Ограничения по возрасту - 16+
461 Уровень набора _0
1 2000
a Чудеса и приключения
463 Уровень физической единицы _0
1 001RU/CBS_Ul/BASE/439305651
1 2000
a №11
v С.82-85.
1 210
d 2013
610 Ключевые слова 0_
a Ключевые слова заповедники
a Ключевые слова крымские заповедники
a Ключевые слова Карадагский заповедник
686 Индексы других классификаций __
a Классификационный индекс 28.0
2 Код системы ББК
700 Автор _1
a Фамилия Яхонтова
b Имя (инициалы) Н.
801 Источник записи _0
a Страна RU
b Организация МБУК ЦБС г. Ульяновска
c Дата составления 20131203
g Правила каталогизации RCR
801 Источник записи _1
a Страна RU
b Организация МБУК ЦБС г. Ульяновска
c Дата составления 20131203
g Правила каталогизации RCR
901 Тип документа __
t Тип документа b
w Контрольный № источника RU/CBS_Ul/BASE/439305651
910 Корректоры записи __
a Корректор записи Библиотека 27
938 Служебная информация __
a Имя БД period